|
|
|
|
| LEADER |
00000cam a2200000 7i4500 |
| 001 |
0000006659 |
| 002 |
000007181 |
| 005 |
20000330.0 |
| 020 |
|
|
|a 9838801739
|
| 090 |
0 |
0 |
|a JF
|b KEL
|
| 100 |
0 |
|
|a Kelembai
|
| 245 |
1 |
0 |
|a Si monyet yang terhutang budi
|c Cerita & illustrasi Kelembai
|
| 260 |
|
|
|a P.J :
|b Eddiplex ,
|c 1995
|
| 300 |
|
|
|a 23p. :
|b ill ;
|c 24cm.
|
| 490 |
0 |
|
|a Siri Warga Rimba
|
| 650 |
0 |
0 |
|a Children's stories, Malay
|
| 999 |
|
|
|a 038675
|b BUKU
|c JUNIOR FICTION
|e PERPUSTAKAAN KOMUNITI PETALING JAYA
|
| 999 |
|
|
|a 038676
|b BUKU
|c PINJAMAN
|e PERPUSTAKAAN KOMUNITI PETALING JAYA
|
| 999 |
|
|
|a 038677
|b BUKU
|c PINJAMAN
|e PERPUSTAKAAN KOMUNITI PETALING JAYA
|